| 000 | 00578nam a22001937a 4500 | ||
|---|---|---|---|
| 999 |
_c158234 _d158234 |
||
| 005 | 20181022172737.0 | ||
| 010 | _aB-158651 | ||
| 035 | _aB-158651 | ||
| 037 | _bA.P.H. Publishing Corporation | ||
| 082 | _a370.3 | ||
| 245 |
_aDictionary of education/ _cedited by Ramesh Shukla |
||
| 250 | _a2005 | ||
| 260 |
_aNew Delhi _bA.P.H. Publishing Corporation |
||
| 300 |
_a246 p. _b22 C.m. (HB) |
||
| 700 | _aShukla, Ramesh | ||
| 942 |
_2ddc _cEN _h370.3 _mSHU |
||